Statistics for Leicester City Squad 2015-2016

Click here to take the quiz!

General Stats

  • This quiz has been taken 24 times
  • The average score is 15 of 28

Answer Stats

#PositionNationPlayer% Correct
9FWEnglandJamie Vardy
96%
1GKDenmarkKasper Schmeichel
96%
14MFFranceN'Golo Kanté
96%
26FWAlgeriaRiyad Mahrez
96%
20FWJapanShinji Okazaki
83%
4MFEnglandDanny Drinkwater
78%
5DFJamaicaWes Morgan
78%
6DFGermanyRobert Huth
70%
28DFAustriaChristian Fuchs
65%
-CoachItalyClaudio Ranieri
65%
23FWArgentinaLeonardo Ulloa
65%
11MFEnglandMarc Albrighton
65%
13MFGhanaDaniel Amartey
52%
17DFEnglandDanny Simpson
52%
19FWCroatiaAndrej Kramarić
43%
10MFWalesAndy King
43%
22FWJamaicaDemarai Gray
43%
33MFSwitzerlandGökhan İnler
43%
15DFGhanaJeffrey Schlupp
39%
2DFBelgiumRitchie De Laet
39%
8MFEnglandMatty James
35%
27DFPolandMarcin Wasilewski
26%
32GKAustraliaMark Schwarzer
26%
24FWEnglandNathan Dyer
26%
29DFTunisiaYohan Benalouane
26%
12GKEnglandBen Hamer
17%
18DFEnglandLiam Moore
9%
35FWEnglandJacob Blyth
4%

Score Distribution

Percentile by Number Answered

Percent of People with Each Score

Your Score History

You have not taken this quiz